Movies Quiz

Random Movies or Clickable Quiz

Decapitated Movie Titles Quiz Stats

Quiz Updated Dec 27, 2012

Challenge
Share
Tweet
Embed
Score 0/26 Timer 05:00
4 Plays Today
% Correct
LIEN (1979)
89.6%
-MEN (2000)
87.9%
VOLUTION (2001)
83.2%
LUBBER (1997)
83.1%
HOST (1990)
80.1%
AIR (1979)
76.3%
RIVEN (2001)
75%
PRISING (2001)
73.7%
LIVER! (1968)
72.8%
OO (2007)
70.9%
ED (2010)
70.5%
RAVE (2012)
69.6%
ADE (1995)
68.3%
% Correct
VAN (1932)
67.9%
ES (2004)
58.8%
AURA (1944)
58.4%
TALKER (1979)
57.7%
ILLS (2000)
57.4%
IRED (1989)
56.7%
ARTY (1955)
56.4%
IDS (1995)
55.1%
ARC (2002)
54.6%
LOCKERS (1995)
50.7%
ERA (2003)
47.9%
HEM! (1954)
42.3%
I (1998)
35.3%

You're not logged in!

Compare scores with friends on all Sporcle quizzes.
Join for Free
OR
Log In

You Might Also Like...

Show Comments

Extras

Top Quizzes Today


Score Distribution

Your Account Isn't Verified!

In order to create a playlist on Sporcle, you need to verify the email address you used during registration. Go to your Sporcle Settings to finish the process.

Report this User

Report this user for behavior that violates our Community Guidelines.

Details: